Draft treaty establishing a Constitution for Europe : (Record no. 195118)
[ view plain ]
| 000 -LEADER | |
|---|---|
| fixed length control field | 01144cam a2200265 a 4500 |
| 001 - CONTROL NUMBER | |
| control field | 3047484 |
| 003 - CONTROL NUMBER IDENTIFIER | |
| control field | BD-DhUL |
| 005 - DATE AND TIME OF LATEST TRANSACTION | |
| control field | 20170511115303.0 |
| 008 - FIXED-LENGTH DATA ELEMENTS--GENERAL INFORMATION | |
| fixed length control field | 031020s2003 lu i000 0 eng d |
| 020 ## - INTERNATIONAL STANDARD BOOK NUMBER | |
| International Standard Book Number | 9278401978 |
| 040 ## - CATALOGING SOURCE | |
| Original cataloging agency | NSL |
| Language of cataloging | eng |
| Transcribing agency | BD-DhUL |
| Modifying agency | BD-DhUL |
| 043 ## - GEOGRAPHIC AREA CODE | |
| Geographic area code | e------ |
| 082 04 - DEWEY DECIMAL CLASSIFICATION NUMBER | |
| Classification number | 342.24 |
| Edition number | 21 |
| Item number | DRA |
| 088 ## - REPORT NUMBER | |
| Report number | QQ-54-03-065-EN-C |
| 245 00 - TITLE STATEMENT | |
| Title | Draft treaty establishing a Constitution for Europe : |
| Remainder of title | adopted by consensus by the European Convention on 13 June and 10 July 2003 : submitted to the President of the European Council in Rome : 18 July 2003. |
| 246 18 - VARYING FORM OF TITLE | |
| Title proper/short title | Draft treaty establishing a Constitution for Europe 18 July 2003 |
| 246 30 - VARYING FORM OF TITLE | |
| Title proper/short title | Constitution for Europe : |
| Remainder of title | submitted to the President of the European Council in Rome : 18 July 2003 |
| 260 ## - PUBLICATION, DISTRIBUTION, ETC. (IMPRINT) | |
| Place of publication, distribution, etc. | Luxembourg : |
| Name of publisher, distributor, etc. | Office for Official Publications of the European Communities, |
| Date of publication, distribution, etc. | 2003. |
| 300 ## - PHYSICAL DESCRIPTION | |
| Extent | 335 p. ; |
| Dimensions | 25 cm. |
| 500 ## - GENERAL NOTE | |
| General note | At foot of the title: E the European Convention. |
| 650 #0 - SUBJECT ADDED ENTRY--TOPICAL TERM | |
| Topical term or geographic name as entry element | Constitutions |
| Geographic subdivision | European Union countries. |
| 710 2# - ADDED ENTRY--CORPORATE NAME | |
| Corporate name or jurisdiction name as entry element | European Council. |
| 710 2# - ADDED ENTRY--CORPORATE NAME | |
| Corporate name or jurisdiction name as entry element | European Convention |
| Date of meeting or treaty signing | (2002-2003 : |
| Location of meeting | Brussels, Belgium) |
| 942 ## - ADDED ENTRY ELEMENTS (KOHA) | |
| Source of classification or shelving scheme | |
| Koha item type | Books |
| Price effective from | Date last seen | Permanent Location | Not for loan | Date acquired | Source of classification or shelving scheme | Koha item type | Lost status | Withdrawn status | Source of acquisition | Collection code | Damaged status | Shelving location | Barcode | Current Location | Full call number |
|---|---|---|---|---|---|---|---|---|---|---|---|---|---|---|---|
| 2017-05-11 | 2017-05-11 | Dhaka University Library | Not For Loan | 2017-05-11 | Books | Gift | Non Fiction | Dr. Aftab Ahmed Collection | 436912 | Dhaka University Library | 342.24 DRA |
